Central Library OPAC University of Rajshahi

Major European governments / (Record no. 35749)

MARC details
000 -LEADER
fixed length control field 01007nam a2200313 a 4500
001 - CONTROL NUMBER
control field 35749
003 - CONTROL NUMBER IDENTIFIER
rucl marc code BD-RjUL
005 - DATE AND TIME OF LATEST TRANSACTION
control field 20211209052355.0
008 - FIXED-LENGTH DATA ELEMENTS--GENERAL INFORMATION
fixed length control field 820514s1982 ilua b 001 0 eng
020 ## - INTERNATIONAL STANDARD BOOK NUMBER
International Standard Book Number 0256027382
035 ## - SYSTEM CONTROL NUMBER
System control number (BD-RjUL)35844
040 ## - CATALOGING SOURCE
Original cataloging agency DLC
Transcribing agency DLC
Modifying agency BD-RjUL
Language of cataloging eng
041 ## - LANGUAGE CODE
Language code of text/sound track or separate title eng
082 00 - DEWEY DECIMAL CLASSIFICATION NUMBER
Classification number 320.3094
Edition number 19
Author mark and year DRM 1982
100 1# - MAIN ENTRY--PERSONAL NAME
Personal name Dragnich, Alex N.
9 (RLIN) 108843
245 10 - TITLE STATEMENT
Title Major European governments /
Statement of responsibility, etc. Alex N. Dragnich, Jorgen Rasmussen.
250 ## - EDITION STATEMENT
Edition statement 1982 . 6th ed.
260 ## - PUBLICATION, DISTRIBUTION, ETC. (IMPRINT)
Place of publication, distribution, etc. Homewood ; Ill. :
Name of publisher, distributor, etc. Dorsey Press,
Date of publication, distribution, etc. 1982.
300 ## - PHYSICAL DESCRIPTION
Pagination xii, 601 p. :
Illustrations ill. ;
Size 24 cm.
490 1# - SERIES STATEMENT
Series statement The Dorsey series in political science
504 ## - BIBLIOGRAPHY, ETC. NOTE
Bibliography, etc Includes bibliographical references and index.
650 #0 - SUBJECT ADDED ENTRY--TOPICAL TERM
Topical term or geographic name as entry element Comparative government.
9 (RLIN) 108887
651 #0 - SUBJECT ADDED ENTRY--GEOGRAPHIC NAME
Geographic name Europe
General subdivision Politics and government.
9 (RLIN) 108888
700 1# - ADDED ENTRY--PERSONAL NAME
Personal name Rasmussen, Jorgen Scott.
830 1# - SERIES ADDED ENTRY--UNIFORM TITLE
Uniform title The Dorsey series in political science
942 ## - ADDED ENTRY ELEMENTS (KOHA)
Source of classification or shelving scheme Dewey Decimal Classification
Koha item type Books
Holdings
Lost status Source of classification or shelving scheme Damaged status Not for loan Collection code Permanent Location Current Location Shelving location Date acquired Source of acquisition Total Checkouts Full call number Date last seen Copy number Koha item type
  Dewey Decimal Classification   Not For Loan Non-fiction Central Library, University of Rajshahi Central Library, University of Rajshahi Reading Room 23/06/1987 Asia Fundation Gift   320.3094 DRM 1982 31/05/2014 C-1 Books